| 000 | 01307nam a2200337Ia 4500 | ||
|---|---|---|---|
| 001 | ebr10586808 | ||
| 003 | CaPaEBR | ||
| 006 | m u | ||
| 007 | cr cn||||||||| | ||
| 008 | 060420s2006 gw a sb 001 0 eng d | ||
| 010 | _z 2006013393 | ||
| 020 | _z1588904938 (TNY : alk. paper) | ||
| 020 | _z3131430516 (GTV : alk. paper) | ||
| 020 | _z9781588904935 (TNY : alk. paper) | ||
| 020 | _z9783131430519 (GTV : alk. paper) | ||
| 020 | _z9783131608918 | ||
| 040 |
_aCaPaEBR _cCaPaEBR |
||
| 035 | _a(OCoLC)828423982 | ||
| 050 | 1 | 4 |
_aR581 _b.A23 2006eb |
| 100 | 1 | _aAbbate, Skya. | |
| 245 | 1 | 0 |
_aAdvanced techniques in Oriental medicine _h[electronic resource] / _cSkya Abbate. |
| 260 |
_aStuttgart ; _aNew York : _bGeorge Thieme Verlag, _cc2006. |
||
| 300 |
_axii, 171 p. : _bill. |
||
| 504 | _aIncludes bibliographical references (p. 159-161) and index. | ||
| 533 |
_aElectronic reproduction. _bPalo Alto, Calif. : _cebrary, _d2011. _nAvailable via World Wide Web. _nAccess may be limited to ebrary affiliated libraries. |
||
| 650 | 0 | _aMedicine, Oriental. | |
| 650 | 0 | _aAcupuncture. | |
| 655 | 7 |
_aElectronic books. _2local |
|
| 710 | 2 | _aebrary, Inc. | |
| 856 | 4 | 0 |
_uhttp://site.ebrary.com/lib/rucke/Doc?id=10586808 _zAn electronic book accessible through the World Wide Web; click to view |
| 999 |
_c211692 _d211692 |
||